Security analysis and portfolio management / (Record no. 751462)

MARC details
000 -LEADER
fixed length control field 00401nam a2200145 4500
020 ## - INTERNATIONAL STANDARD BOOK NUMBER
ISBN 9789360610388
082 ## - DEWEY DECIMAL CLASSIFICATION NUMBER
Classification number 332.632 BEE/S
084 ## - OTHER CLASSIFICATION NUMBER
Source of Number Colon Classification
100 ## - MAIN ENTRY--AUTHOR NAME
Personal name Beerbohm, Max
245 ## - TITLE STATEMENT
Title Security analysis and portfolio management /
Statement of responsibility, etc Max Beerbohm
260 ## - PUBLICATION, DISTRIBUTION, ETC. (IMPRINT)
Place of publication New Delhi :
Name of publisher Pinakin Publishing,
Year of publication 2006.
300 ## - PHYSICAL DESCRIPTION
Number of Pages 286p.:
942 ## - ADDED ENTRY ELEMENTS (KOHA)
Source of classification or shelving scheme Dewey Decimal Classification
Koha item type Book
Holdings
Withdrawn status Lost status Source of classification or shelving scheme Damaged status Not for loan Home Library Current Location Shelving location Date acquired Cost, normal purchase price Full call number Accession Number Cost, replacement price Price effective from Koha item type
    Dewey Decimal Classification     Institute of Management Institute of Management General Stacks 17/09/2025 3195.00 332.632 BEE/S IMK17701 3195.00 17/09/2025 Book